History of modern psychology : lectures delivered at ETH Zurich. Vol 1, 1933 -1934 (Record no. 85836)

MARC details
000 -LEADER
fixed length control field 00846 a2200265 4500
003 - CONTROL NUMBER IDENTIFIER
control field CBULib
005 - DATE AND TIME OF LATEST TRANSACTION
control field 20241210091151.0
008 - FIXED-LENGTH DATA ELEMENTS--GENERAL INFORMATION
fixed length control field 241210b |||||||| |||| 00| 0 eng d
020 ## - INTERNATIONAL STANDARD BOOK NUMBER
International Standard Book Number 9780691181691
040 ## - CATALOGING SOURCE
Language of cataloging English
Transcribing agency CBULib
Description conventions rda
041 ## - LANGUAGE CODE
Language code of text/sound track or separate title eng
050 ## - LIBRARY OF CONGRESS CALL NUMBER
Classification number BF 173 Jun
100 ## - MAIN ENTRY--PERSONAL NAME
Personal name Jung, C. G.
245 ## - TITLE STATEMENT
Title History of modern psychology : lectures delivered at ETH Zurich. Vol 1, 1933 -1934
Statement of responsibility, etc / by C.G. Jung
260 ## - PUBLICATION, DISTRIBUTION, ETC. (IMPRINT)
Name of publisher, distributor, etc Princeton University Press,
Date of publication, distribution, etc 2019
Place of publication, distribution, etc New Jersey :
300 ## - PHYSICAL DESCRIPTION
Extent xxvii, 164 pages : illustrations
336 ## - CONTENT TYPE
Source rdacontent
Content type term Text |
Content type code txt
337 ## - MEDIA TYPE
Source rdamedia
Media type term Unmediated |
Media type code n
338 ## - CARRIER TYPE
Source rdacarrier
Carrier type term Volume
Carrier type code nc
650 #0 - SUBJECT ADDED ENTRY--TOPICAL TERM
9 (RLIN) 4136
Topical term or geographic name as entry element PSYCHOANALYSIS - HISTORY
650 #0 - SUBJECT ADDED ENTRY--TOPICAL TERM
9 (RLIN) 4137
Topical term or geographic name as entry element PSYCHOANALYTIC - THEORY
650 #0 - SUBJECT ADDED ENTRY--TOPICAL TERM
9 (RLIN) 739
Topical term or geographic name as entry element PSYCHOANALYSIS
700 ## - ADDED ENTRY--PERSONAL NAME
9 (RLIN) 4138
Personal name Falzeder, Ernst
942 ## - ADDED ENTRY ELEMENTS (KOHA)
Source of classification or shelving scheme
Koha item type MONOGRAPH
Holdings
Withdrawn status Lost status Source of classification or shelving scheme Damaged status Not for loan Collection code Permanent Location Current Location Shelving location Date acquired Source of acquisition Cost, normal purchase price Total Checkouts Full call number Barcode Date last seen Copy number Price effective from Koha item type
          CBU-Lusaka Campus CBU- LUSAKA CAMPUS CBU-MAIN LIBRARY, KITWE. General Stacks 12/10/2024 DON-BOOKAID 44.00   BF 173 Jun 753192 12/10/2024 1 12/10/2024 MONOGRAPH
          CBU-Lusaka Campus CBU- LUSAKA CAMPUS CBU-MAIN LIBRARY, KITWE. General Stacks 12/10/2024 DON-BOOKAID 44.00   BF 173 Jun 753191 12/10/2024 2 12/10/2024 MONOGRAPH